| 000 | 00517nam a2200181 a 4500 | ||
|---|---|---|---|
| 005 | 20140311163017.0 | ||
| 008 | 070222s19uu xx 00 eng d | ||
| 020 | _a0007182929 | ||
| 050 |
_aND 1342 _b.R212 2000 |
||
| 100 | _aRanson, Ron | ||
| 245 |
_aLearn to paint skies in watercolour / _cRon Ranson |
||
| 260 |
_aLondon : _bHarper Collins Publisher, _c2000. |
||
| 300 |
_a64 p. : _bill. col ; _c26 cm. |
||
| 521 | _aMA | ||
| 650 |
_aWater color _xPrinting technique. |
||
| 942 |
_cBK _2lcc _kFOR |
||
| 999 |
_c39433 _d39433 |
||